प्राचीन भारत का इतिहास (प्रारम्भ से 650 ई. तक) (Record no. 7166)
[ view plain ]
| 000 -LEADER | |
|---|---|
| fixed length control field | 01037 a2200217 4500 |
| 005 - DATE AND TIME OF LATEST TRANSACTION | |
| control field | 20080912154424.0 |
| 008 - FIXED-LENGTH DATA ELEMENTS--GENERAL INFORMATION | |
| fixed length control field | 080912t xxu||||| |||| 00| 0 hin d |
| 010 ## - LIBRARY OF CONGRESS CONTROL NUMBER | |
| LC control number | HIN-80802 |
| 020 ## - INTERNATIONAL STANDARD BOOK NUMBER | |
| International Standard Book Number | 8189900129 |
| Terms of availability | 350.00 |
| 035 ## - SYSTEM CONTROL NUMBER | |
| System control number | HN-53148 |
| 037 ## - SOURCE OF ACQUISITION | |
| Source of stock number/acquisition | D.B.Act / pub |
| 082 ## - DEWEY DECIMAL CLASSIFICATION NUMBER | |
| Classification number | 954.01 |
| 100 ## - MAIN ENTRY--PERSONAL NAME | |
| Personal name | जैन, संजीव |
| 245 ## - TITLE STATEMENT | |
| Title | प्राचीन भारत का इतिहास (प्रारम्भ से 650 ई. तक) |
| Remainder of title | संजीव जैन |
| 246 ## - VARYING FORM OF TITLE | |
| Remainder of title | by-Sanjeev jain |
| 260 ## - PUBLICATION, DISTRIBUTION, ETC. (IMPRINT) | |
| Place of publication, distribution, etc | भोपाल |
| Name of publisher, distributor, etc | कैलाश पुस्तक सदन |
| Date of publication, distribution, etc | 2007 |
| 270 ## - ADDRESS | |
| Address | हमीदिया मार्ग |
| City | भोपाल |
| Postal code | 462001 |
| Telephone number | (0755)2535366,5256804 |
| 300 ## - PHYSICAL DESCRIPTION | |
| Extent | 416पृ |
| Dimensions | 24 सेमी (अजिल्द) |
| 942 ## - ADDED ENTRY ELEMENTS (KOHA) | |
| Institution code [OBSOLETE] | dpl |
| Koha item type | Hindi Books |
| Call number prefix | 954.01 / जैनसं |
| Source of classification or shelving scheme | Dewey Decimal Classification |
| Classification part | 954.01 |
| Call number suffix | जैनसं |
| Withdrawn status | Lost status | Damaged status | Not for loan | Home library | Current library | Date acquired | Cost, normal purchase price | Total Checkouts | Full call number | Barcode | Date last seen | Copy number | Uniform Resource Identifier | Cost, replacement price | Price effective from | Koha item type |
|---|---|---|---|---|---|---|---|---|---|---|---|---|---|---|---|---|
| D.B.Act.Division | D.B.Act.Division | 12/09/2008 | 350.00 | 954.01 जैनसं | HN-53148 | 15/09/2008 | 1 | 8639 | 350.00 | 15/09/2008 | Hindi Books |
